Βασικές αρχές στρατηγικής των επιχειρήσεων

Αποθηκεύτηκε σε:
Λεπτομέρειες βιβλιογραφικής εγγραφής
Κύριος συγγραφέας: Johnson, Gerry
Άλλοι συγγραφείς: Scholes, Kevan, Whittington, Richard, 1958-, Κωνσταντόπουλος, Νίκος (Συγγραφέας εισαγωγής κ.λπ., Επιμελητής έκδοσης), Νικολάου, Ηρώ (trlf)
Μορφή: Βιβλίο
Γλώσσα:English
Greek
Δημοσίευση: Αθήνα : Κριτική, 2011.
Σειρά:Επιστημονική βιβλιοθήκη (Κριτική) ; 62
Θέματα:
Ετικέτες: Προσθήκη ετικέτας
Δεν υπάρχουν, Καταχωρήστε ετικέτα πρώτοι!

MARC

LEADER 00000cam a2200000 i 4500
001 1/27924
008 130401s2011 gr | ||| |||| ||eng||
020 |a 9789602187494 (pbk.) 
035 |l 10114104 
040 |a GR-MyUA  |b gre  |e AACR2 
041 1 |a gre  |h eng 
082 0 |a 658.4012  |2 (22) 
100 1 |a Johnson, Gerry. 
245 1 0 |a Βασικές αρχές στρατηγικής των επιχειρήσεων /   |c πρόλογος - επιμέλεια Νίκος Κωνσταντόπουλος ; μετάφραση Ήρω Νικολάου.  
260 |a Αθήνα :   |b Κριτική,   |c 2011.  
300 |a 463 σ. :   |b πίν., σχέδια ;   |c 24 εκ.  
490 1 |a (Επιστημονική βιβλιοθήκη (Εκδόσεις Κριτική))   |v ; 62  
500 |a Τίτλος πρωτοτύπου: Fundamentals of strategy.  
504 |a Περιέχει βιβλιογραφικές παραπομπές.  
650 0 0 |a Business planning. 
650 0 0 |a Strategic planning. 
650 0 0 |a Business planning  |x Case studies. 
650 0 0 |a Strategic planning  |v Case studies. 
700 1 |a Scholes, Kevan. 
700 1 |a Whittington, Richard,   |d 1958- 
700 1 |a Κωνσταντόπουλος, Νίκος,  |e aui  |e edt 
700 1 |a Νικολάου, Ηρώ,  |e trlf 
830 0 |a Επιστημονική βιβλιοθήκη (Κριτική)  |v  ; 62 
852 |a INST  |b CHIOS  |c EUDOXUS  |e 20130404  |h 658.4012 JOH  |p 005200034172  |q 005200034172  |t EDX  |y 0 
852 |a INST  |b CHIOS  |c EUDOXUS  |e 20130405  |h 658.4012 JOH  |p 005200034183  |q 005200034183  |t EDX  |y 0 
852 |a INST  |b CHIOS  |c EUDOXUS  |e 20130405  |h 658.4012 JOH  |p 005200034185  |q 005200034185  |t EDX  |y 0 
852 |a INST  |b CHIOS  |c EUDOXUS  |e 20130410  |h 658.4012 JOH  |p 005200034191  |q 005200034191  |t EDX  |y 0 
852 |a INST  |b CHIOS  |c EUDOXUS  |e 20130408  |h 658.4012 JOH  |p 005200034202  |q 005200034202  |t EDX  |y 0 
852 |a INST  |b CHIOS  |c EUDOXUS  |e 20130401  |h 658.4012 JOH  |p 005200034212  |q 005200034212  |t EDX  |y 0 
852 |a INST  |b CHIOS  |c EUDOXUS  |e 20140108  |h 658.4012 JOH  |p 005200034674  |q 005200034674  |t EDX  |y 0 
852 |a INST  |b CHIOS  |c EUDOXUS  |e 20140108  |h 658.4012 JOH  |p 005200034678  |q 005200034678  |t EDX  |y 0 
852 |a INST  |b CHIOS  |c EUDOXUS  |e 20130607  |h 658.4012 JOH  |p 005200035289  |q 005200035289  |t EDX  |y 0 
852 |a INST  |b CHIOS  |c EUDOXUS  |e 20130416  |h 658.4012 JOH  |p 005200035432  |q 005200035432  |t EDX  |y 0 
852 |a INST  |b CHIOS  |c EUDOXUS  |e 20130408  |h 658.4012 JOH  |p 005200035469  |q 005200035469  |t EDX  |y 0 
852 |a INST  |b CHIOS  |c EUDOXUS  |e 20131106  |h 658.4012 JOH  |p 005200037136  |q 005200037136  |t EDX  |y 0 
901 |a BIBL2-2013-1 
901 |a BIBL2-2013-1 
901 |a BIBL2-2013-2 
901 |a BIBL2-2013-3 
901 |a BIBL2-2014-1 
909 |a Χ  |b 175376 
909 |a Χ  |b 180117 
909 |a Χ  |b 180116 
909 |a Χ  |b 175537 
909 |a Χ  |b 175424 
909 |a Χ  |b 175411 
909 |a Χ  |b 175413 
909 |a Χ  |b 175386 
909 |a Χ  |b 175451 
909 |a Χ  |b 175400 
909 |a Χ  |b 175474 
909 |a Χ  |b 179897 
920 |a Εύδοξος  |b Παραγγελία  |y Χίος-ΤΔΕ  |z 2013-02 
920 |a Εύδοξος  |b Παραγγελία  |y Χίος-ΤΔΕ  |z 2014-01 
920 |a Εύδοξος  |b Παραγγελία  |y Χίος  |z 2013-05 
920 |a Εύδοξος  |b Επιστροφή  |y Χίος  |z 2013-03 
920 |a Εύδοξος  |b Επιστροφή  |y Χίος  |z 2013-04 
920 |a Εύδοξος  |b Επιστροφή  |y Χίος  |z 2013-11 
970 |a Σπέντζα  |b Ελένη  |z 2013/04/01